Central Library OPAC University of Rajshahi

ديوان خاقانى شروانى ;; Dīwān-i Khāqānī Shirvānī / (Record no. 78649)

MARC details
000 -LEADER
fixed length control field 00972nam a2200265 a 4500
001 - CONTROL NUMBER
control field 78649
003 - CONTROL NUMBER IDENTIFIER
rucl marc code BD-RjUL
005 - DATE AND TIME OF LATEST TRANSACTION
control field 20211209083145.0
008 - FIXED-LENGTH DATA ELEMENTS--GENERAL INFORMATION
fixed length control field 211027s19551375ir b 001 0 perrd
020 ## - INTERNATIONAL STANDARD BOOK NUMBER
International Standard Book Number 9643052389
035 ## - SYSTEM CONTROL NUMBER
System control number (BD-RjUL)78875
040 ## - CATALOGING SOURCE
Original cataloging agency OSU
Transcribing agency OSU
Language of cataloging eng
041 0# - LANGUAGE CODE
Language code of text/sound track or separate title per
082 ## - DEWEY DECIMAL CLASSIFICATION NUMBER
Edition number 23
Classification number 891.551
Author mark and year KAD 1955
100 1# - MAIN ENTRY--PERSONAL NAME
Personal name كزازى مير جلال الدين ;; Kazzāzī, Mīr Jalāl al-Dīn.
9 (RLIN) 249380
245 10 - TITLE STATEMENT
Title ديوان خاقانى شروانى ;; Dīwān-i Khāqānī Shirvānī /
Statement of responsibility, etc. مير جلال الدين كزازى ;; vīrāstah-ʼi Mīr Jalāl al-Dīn Kazzāzī.
250 ## - EDITION STATEMENT
Edition statement Chāp-i 1.
260 ## - PUBLICATION, DISTRIBUTION, ETC. (IMPRINT)
Place of publication, distribution, etc. Tihrān :
Name of publisher, distributor, etc. Nashr-i Markaz,
Date of publication, distribution, etc. 1375 [1955]
300 ## - PHYSICAL DESCRIPTION
Pagination 2 v. (1406 p.) ;
Size 24 cm.
505 00 - FORMATTED CONTENTS NOTE
Title Chāmahʹhā va tarkībʹbandʹhā --
-- Ghazalhā, qiṭʿahʹhā, chārānahʹhā va surūdahʹhā-yi ʿArabī.
650 ## - SUBJECT ADDED ENTRY--TOPICAL TERM
Topical term or geographic name as entry element Persian Poetry
9 (RLIN) 249381
942 ## - ADDED ENTRY ELEMENTS (KOHA)
Source of classification or shelving scheme Dewey Decimal Classification
Koha item type Books
Holdings
Lost status Source of classification or shelving scheme Damaged status Not for loan Collection code Permanent Location Current Location Shelving location Date acquired Source of acquisition Total Checkouts Full call number Date last seen Copy number Koha item type
  Dewey Decimal Classification   Not For Loan Non-fiction Central Library, University of Rajshahi Central Library, University of Rajshahi Reading Room 13/08/2007 Iran Embassy, Dhaka   F 891.551 KAD V-2 1955 27/10/2021 C-1 Books
  Dewey Decimal Classification   Not For Loan Non-fiction Central Library, University of Rajshahi Central Library, University of Rajshahi Reading Room 13/08/2007 Iran Embassy   F 891.551 KAD V-1 1955 28/10/2021 C-1 Books